Siniša Mihajlović' Milan - Statistics

General Stats
  • This quiz has been taken 6 times
  • The average score is 22 of 29
Answer Stats
Rank Player Position Nationality Matches Goals Assists % Correct
1 Carlos Bacca Centre-Forward 36 16 5
100%
23 Christian Abbiati Goalkeeper 6 0 0
100%
16 Cristian Zapata Centre-Back 19 1 1
100%
10 Ignazio Abate Right-Back 24 1 1
100%
4 Keisuke Honda Attacking Midfield 32 2 8
100%
22 Nigel de Jong Defensive Midfield 6 0 0
100%
29 Suso Right Winger 2 0 0
100%
3 Alessio Romagnoli Centre-Back 33 1 0
80%
13 Alex Centre-Back 21 3 0
80%
15 Andrea Poli Central Midfield 20 0 3
80%
28 Antonio Nocerino Central Midfield 3 0 0
80%
25 Davide Calabria Right-Back 5 0 0
80%
20 Diego López Goalkeeper 9 0 0
80%
2 Giacomo Bonaventura Attacking Midfield 35 7 10
80%
11 Gianluigi Donnarumma Goalkeeper 24 0 0
80%
21 Jérémy Ménez Centre-Forward 8 2 0
80%
7 Juraj Kucka Central Midfield 28 1 4
80%
19 Kevin-Prince Boateng Attacking Midfield 11 1 0
80%
9 Luiz Adriano Centre-Forward 25 6 3
80%
14 M'Baye Niang Centre-Forward 20 8 4
80%
24 Philippe Mexès Centre-Back 5 1 0
80%
5 Riccardo Montolivo Defensive Midfield 29 0 2
80%
8 Andrea Bertolacci Central Midfield 27 1 1
60%
6 Luca Antonelli Left-Back 28 2 3
60%
17 Mario Balotelli Centre-Forward 18 3 1
60%
12 Mattia De Sciglio Right-Back 24 0 0
60%
18 Alessio Cerci Right Winger 15 0 1
40%
27 Rodrigo Ely Centre-Back 4 0 0
40%
26 José Mauri Central Midfield 5 0 1
20%
No matching quizzes found
Score Distribution
Percent of People with Each Score
Percentile by Number Answered
Your Score History
You have not taken this quiz